Allgemeinwissen nach Buchstabe - H - Statistiken

Allgemein
  • Dieses Quiz wurde 132 mal gespielt
  • Das Durchschnittsergebnis liegt bei 13 aus 16
Antwortstatistiken
Hint Antwort % Korrekt
Gebirge mit dem höchsten Berg der Erde Himalaya
99%
Stadt mit dem KFZ-Kennzeichen HH Hansestadt Hamburg
98%
chemische Formel für Wasser H2O
95%
Japanische Stadt, die durch eine Atombombe zerstört wurde Hiroshima
94%
Bezeichnung für einen Wissenschaftler, der sich mit Geschichte beschäftigt Historiker
94%
Hauptstadt von Kuba Havanna
93%
Hauptstadt von Vietnam Hanoi
90%
Protagonist der gleichnamigen Buch- und Filmserie mit blitzförmiger Narbe und der Fähigkeit, zu zaubern Harry Potter
90%
Standort der ältesten Universität Deutschlands Heidelberg
90%
Amtssprache Indiens Hindi
90%
Überquerte mit Elefanten die Alpen Hannibal
77%
Hebräisch "Lobet den Herrn", Lied von Leonhard Cohen Halleluja
75%
Roter Blutfarbstoff in den Erythrozyten, bindet Sauerstoff Hämoglobin
69%
Französische Protestanten des 16. und 17. Jahrhunderts Hugenotten
50%
Komponierte die "Sinfonie mit dem Paukenschlag" (Nachname) Joseph Haydn
44%
deutscher Schriftsteller des Vormärz, schrieb u.a. das Gedicht "Die schlesischen Weber" Heinrich Heine
42%
Keine übereinstimmenden Quizze gefunden
Verteilung der Resultate
Anzahl Personen mit jedem Resultat
Perzentil nach korrekt beantworteten Fragen
Ihre Resultats-Entwicklung
Sie haben dieses Quiz noch nicht gespielt